Hardware/ Software Co-Design For Data Flow Dominated (Record no. 41830)

MARC details
000 -LEADER
fixed length control field 00461nam a2200181Ia 4500
008 - FIXED-LENGTH DATA ELEMENTS--GENERAL INFORMATION
fixed length control field 230524s9999 xx 000 0 und d
020 ## - INTERNATIONAL STANDARD BOOK NUMBER
ISBN 9788181289384
082 ## - DEWEY DECIMAL CLASSIFICATION NUMBER
Classification number 4.162
Item number NIE
100 ## - MAIN ENTRY--AUTHOR NAME
Personal name Ralf Niemann
245 #0 - TITLE STATEMENT
Title Hardware/ Software Co-Design For Data Flow Dominated
250 ## - EDITION STATEMENT
Edition statement IST
260 ## - PUBLICATION, DISTRIBUTION, ETC. (IMPRINT)
Place of publication NEW DELHI
Name of publisher Springer
Year of publication 2008
300 ## - PHYSICAL DESCRIPTION
Number of Pages XII;191
500 ## - GENERAL NOTE
General note Quantity Number: 10
650 ## - SUBJECT ADDED ENTRY--TOPICAL TERM
Topical Term Comp-Sc
700 ## - ADDED ENTRY--PERSONAL NAME
Personal name Peter Marwedel
942 ## - ADDED ENTRY ELEMENTS (KOHA)
Koha item type Books
Holdings
Lost status Damaged status Permanent Location Current Location Shelving location Date acquired Full call number Accession Number Koha item type
    Central Library, Trident Academy of Technology Central Library, Trident Academy of Technology General Stacks 05/24/2023 004.162 NIE 27964 Books
    Central Library, Trident Academy of Technology Central Library, Trident Academy of Technology General Stacks 05/24/2023 004.162 NIE 27965 Books
    Central Library, Trident Academy of Technology Central Library, Trident Academy of Technology General Stacks 05/24/2023 004.162 NIE 27966 Books
    Central Library, Trident Academy of Technology Central Library, Trident Academy of Technology General Stacks 05/24/2023 004.162 NIE 27967 Books
    Central Library, Trident Academy of Technology Central Library, Trident Academy of Technology General Stacks 05/24/2023 004.162 NIE 27968 Books
    Central Library, Trident Academy of Technology Central Library, Trident Academy of Technology General Stacks 05/24/2023 004.162 NIE 28722 Books
    Central Library, Trident Academy of Technology Central Library, Trident Academy of Technology General Stacks 05/24/2023 004.162 NIE 28723 Books
    Central Library, Trident Academy of Technology Central Library, Trident Academy of Technology General Stacks 05/24/2023 004.162 NIE 28724 Books
    Central Library, Trident Academy of Technology Central Library, Trident Academy of Technology General Stacks 05/24/2023 004.162 NIE 28725 Books
    Central Library, Trident Academy of Technology Central Library, Trident Academy of Technology General Stacks 05/24/2023 004.162 NIE 28726 Books
Trident Academy of Technology © 2023.
All rights reserved.                                                                                                                                                                                                        Designed by Team of Central Library .

Powered by Koha